000 01005nam a22002897a 4500
003 EG-GICUC
005 20260121101332.0
008 251123s1974 ua a|||fr|||| 000 0 ara d
040 _a EG-GICUC
_bara
_c EG-GICUC
_d EG-GICUC
_erda
041 0 _aara
082 0 4 _221
_a345.2
_bف ؤ . إ
092 0 4 _221
099 _aLaw1 07 345.2 ف ؤ . إ 1974
100 1 _aفؤاد يونس
_eمؤلف.
245 1 0 _aإدارة اجهزة التنظيم وطرق العمل /
_cفؤاد يونس.
264 1 _aالقاهرة :
_bالمنظمة العربية للعلوم الادارية،
_c1974.
300 _a39 صفحة :
_bإيضاحيات ؛
_c24 سم.
336 _2rda content
_atext
337 _2rda media
_aComputer
338 _2rda carrier
_aOnline Resource
504 _aببليوجرافيا: صفحات.
650 1 4 _aالتنظيم الإداري
_2qrmak
651 1 _2qrmak
856 4 0 _uhttps://fll.law.cu.edu.eg/fulltext/bks/B07-00142.pdf
905 _a78
942 _2ddc
_cBK
_e21
_n0
999 _c45365
_d45365